|
|
|
|
| LEADER |
00804nab a2200205 i 4500 |
| 001 |
publ35176 |
| 005 |
20241120091853.0 |
| 008 |
241120s2022 hu o 000 eng d |
| 022 |
|
|
|a 1582-7585
|
| 024 |
7 |
|
|a 35581597
|2 mtmt
|
| 040 |
|
|
|a SZTE Publicatio Repozitórium
|b hun
|
| 041 |
|
|
|a eng
|
| 100 |
1 |
|
|a Luu Tuan Anh
|
| 245 |
1 |
4 |
|a The Role of Trade Unions in the Protection of Migrant Workers in the EU
|h [elektronikus dokumentum] /
|c Luu Tuan Anh
|
| 260 |
|
|
|c 2022
|
| 300 |
|
|
|a 193-203
|
| 490 |
0 |
|
|a REVISTA FACULTATII DE DREPT ORADEA / JOURNAL OF THE FACULTY OF LAW ORADEA
|v 2
|
| 650 |
|
4 |
|a Jogtudomány
|
| 856 |
4 |
0 |
|u http://publicatio.bibl.u-szeged.hu/35176/1/2022RevFacDreptOradeai.pdf
|z Dokumentum-elérés
|
| 856 |
4 |
0 |
|u http://publicatio.bibl.u-szeged.hu/35176/2/2022RevFacDreptOradea193.pdf
|z Dokumentum-elérés
|